| 000 | 00665nam a2200253Ia 4500 | ||
|---|---|---|---|
| 003 | OSt | ||
| 005 | 20221005090712.0 | ||
| 006 | a|||||r|||| 00| 0 | ||
| 007 | ta | ||
| 008 | 221004b |||||||| |||| 00| 0 eng d | ||
| 020 | _a0416393209 (pbk) | ||
| 024 | _a41242 | ||
| 037 | _cTextual | ||
| 040 |
_aCRL _cCRL _beng |
||
| 041 |
_2eng _aeng |
||
| 082 | _aO111,2:gN, M5 | ||
| 100 | _aQuigley Austin E | ||
| 245 | 0 | _aModern stage and other worlds | |
| 260 |
_aNew York _bMethuen USA _c1985 |
||
| 300 |
_axvi, 320p _ccm. |
||
| 650 | _aENGLISH LITERATURE | ||
| 942 |
_hO111,2:gN, M5 _cTEXL _2cc |
||
| 999 |
_c996250 _d996250 |
||